What killed them? Squid game season 2 - Statistics

General Stats
  • This quiz has been taken 223 times
  • The average score is 5 of 6
Answer Stats
Question Answer % Correct
Who killed Thanos? Myung-gi player 333
96%
What killed Kang Mi-na Bee
94%
Who killed Se-mi? Nam-gyu 124
91%
Who killed Player 246? Guard 11
88%
Who killed Mr.Kim? Recruiter
81%
Who killed player 145? triangle guard
63%
No matching quizzes found
Score Distribution
Percent of People with Each Score
Percentile by Number Answered
Your Score History
You have not taken this quiz